Citations de Kaamelott (Difficile) - Statistiques

Statistiques générales
  • Ce quiz a été pris 517 fois
  • Le résultat moyen est 16 sur 35
Statistiques - réponses
Hint Réponse % Correct
Je voudrai savoir quand est ce qu'on peut prendre sa retraite de chevalier ? Perceval de Galles
87%
Si elle vous pique dans la gorge on peut mourrir je vous ferai dire ! Yvain chevalier au lion
84%
Oh vous, toujours vous, mais allez chier dans une fiole, on verra après. Elias de Kelliwich
76%
Et comment je la mange sans feu, la viande cuite ? Froide ? Bohort de Gaunes
74%
Il dit tellement rien qu'on dinerai avec tabouret ce serai pareil. Léodagan de Carmelide
74%
Vous avez pensé à la pierre ? Nan parce que c'est joli le bois m'enfin ça... brûle. Arthur de Bretagne
73%
C'est chaste mais c'est pas officiel, et la table ronde c'est pas un bal costumé ! Le père Blaise
70%
Ouais mais vous c'est n'importe quoi, vous sentez plus rien. Karadoc de Vannes
69%
Ils ont rien ramené parce que c'est des débiles. Arrêtez d'envoyer Perceval et Karadoc en mission, c'est ridicule ! Lancelot Du Lac
64%
Attendez je vous pète les prix et vous continuez a râler ! Venec
63%
Passez vos coupettes ! Vous allez voir avec la pisse c'est plus net ! Merlin L'enchanteur
61%
Vous savez, euh si on fait fouetter les ouvriers et qu'on menace de les brûler vifs, ils peuvent peut-être finir tout à l'heure, hein... Guenievre
60%
J'ai trouvé ça devant votre porte. C'est un corbeau décédé Grudu
57%
Mais qu'est ce que vous voulez que je fasse de ça ! Je vous demande des terres cultivables et vous me refilez de la caillasse ! Ygerne de Tintagel
56%
Vous entendez ça ! il parait que je suis malpoli ! qu'est ce que vous en pensez ? Bande de trou du cul ! Le roi Loth d'Orcanie
52%
Euh dites, dans ceux que vous avez choisis, il y en a déjà qui commencent a dégobiller sur le plancher, qu'est ce que je fais ? Le tavernier
52%
] Avec votre dégaine de crevette, faites gaffe à pas vous faire bouffer par un mérou. Le duc d'Aquitaine
51%
Et moi je vous annonce que vous allez vous mettre au turbin comme on vous dit sans ça, vous allez ramasser des tartes dans la gueule Seli
48%
C’est comme là, j’ai apporté un friand. Et bah la saucisse, quand on a pas l’habitude, elle arrache un peu. Galessin Duc d'Orcanie
40%
Attention j'ai rien contre les bouseux. D'habitude je mange pas avec c'est tout... Cryda de Tintagel
38%
Eh, il a pas inventé le plat de la main morte celui la ! Dagonnet
36%
Je vais pas passer deux heure a bouillir la dedans ! Je suis pas un artichault ! Roparzh
35%
Les mecs ils tiennent à peine debout, on leur gueule dessus un petit peu fort, ils ont les dents qui tombent. Caius Camilius
34%
Quand on est idiot on plante des carottes ! On ne s'occupe pas de sécurité ! Le maitre d'arme
32%
Votre grand mère la, c'est un maitre chinois non ? Hervé de Rinel
27%
On continue de traiter tout le monde de batard ou on se calme ? Demetra
22%
Alors c'est ça, la stratégie moderne ? Réunir cinq trous-de-balle en cercle et s'balancer des fions ? Goustan Le cruel
22%
On va pas rester une heure la dedans ! Regardez moi ça ! Il y a un pied et demi de saloperie sur toute la surface ! Guethenoc
20%
Non mais vous l'avez foiré votre mariage. Ce serai rien si c'était pas le deuxième. Appius Manilius
19%
Non mais la les chrétiens c'est pas pareil. Ils aiment bien le fric, il parait même qu'il sont fort pour ça. Calogrenant
18%
J'ai la vigueur d'un insecte ! Gauvain
18%
Alors comme ça c’est toi qu’on nomme Justinien ? Le justicier
12%
Vous préférez monter dans la barque, maintenant, de plein gré, ou dans vingt secondes avec un coup de pompe dans l'oignon ? Publius Servius Capito
10%
J'vous dirais bien que j'vais m'tenir à carreau, mais j'me connais, j'vais tomber sur un romain, j'vais faire cramer une grange ! Ferbach
6%
Juste une chose, quand je suis au camp de Lancelot, vous voulez que j’en profite pour prendre quelques renseignements sur le Roi Arthur ? Nathair
5%
Aucun quiz correspondant
Distribution des résultats
% des personnes avec chaque résultat
Percentile par nombre de réponses
Votre historique - résultats
Vous n’avez pas pris ce quiz